000
00312nam a2200133Ia 4500
005
20251222144641.0
008
251222s9999||||xx |||||||||||||| ||spa||
020
_a
1-57851-189-5
082
_a
658.401.2/H19L
100
_a
Hamel, Gary
245
0
_a
Leading The Revolution
264
_b
Gary Hamel
942
_c
LIB
999
_c
16685
_d
16685